ARRUPE JESUIT UNIVERSITY

CORONAVIRUS -STOP THE SPREAD - CLEAN,DISINFECT,COVER

The stranger within your gates : (Record no. 118116)

MARC details
000 -LEADER
fixed length control field 01002nam a2200301 a 4500
001 - CONTROL NUMBER
control field 1483334
003 - CONTROL NUMBER IDENTIFIER
control field ARRUPE
005 - DATE AND TIME OF LATEST TRANSACTION
control field 20130927105215.0
008 - FIXED-LENGTH DATA ELEMENTS--GENERAL INFORMATION
fixed length control field 871005s1986 sz fa b 000 0 eng
010 ## - LIBRARY OF CONGRESS CONTROL NUMBER
LC control number 87142294
020 ## - INTERNATIONAL STANDARD BOOK NUMBER
International Standard Book Number 2825408530 (pbk.)
040 ## - CATALOGING SOURCE
Original cataloging agency DLC
Transcribing agency DLC
Modifying agency DLC
041 1# - LANGUAGE CODE
Language code of text/sound track or separate title engfre
050 00 - LIBRARY OF CONGRESS CALL NUMBER
Classification number JV6346.R4
Item number J3313 1986
300 ## - PHYSICAL DESCRIPTION
Other physical details ill. ;
Dimensions 21 cm.
100 1# - MAIN ENTRY--PERSONAL NAME
Personal name Jacques, André.
9 (RLIN) 1561
240 10 - UNIFORM TITLE
Uniform title <a href="Déracinés.">Déracinés.</a>
Language of a work English
245 14 - TITLE STATEMENT
Title The stranger within your gates :
Remainder of title uprooted people in the world today /
Statement of responsibility, etc André Jacques.
260 ## - PUBLICATION, DISTRIBUTION, ETC. (IMPRINT)
Place of publication, distribution, etc Geneva :
Name of publisher, distributor, etc World Council of Churches,
Date of publication, distribution, etc c1986.
300 ## - PHYSICAL DESCRIPTION
Extent viii, 87 p., [1] leaf of plates :
440 #4 - SERIES STATEMENT/ADDED ENTRY--TITLE
Title The Risk book series ;
Volume number/sequential designation no. 29
9 (RLIN) 1562
500 ## - GENERAL NOTE
General note Translation of: Les déracinés.
504 ## - BIBLIOGRAPHY, ETC. NOTE
Bibliography, etc Includes bibliographies.
650 #0 - SUBJECT ADDED ENTRY--TOPICAL TERM
Topical term or geographic name as entry element Refugees.
9 (RLIN) 1563
650 #0 - SUBJECT ADDED ENTRY--TOPICAL TERM
Topical term or geographic name as entry element Emigration and immigration.
9 (RLIN) 1564
650 #0 - SUBJECT ADDED ENTRY--TOPICAL TERM
Topical term or geographic name as entry element Church work with refugees.
9 (RLIN) 1565
906 ## - LOCAL DATA ELEMENT F, LDF (RLIN)
a 7
b cbc
c orignew
d 3
e ncip
f 19
g y-gencatlg
942 ## - ADDED ENTRY ELEMENTS (KOHA)
Source of classification or shelving scheme Library of Congress Classification
Koha item type Monograph ( Printed materials)
Holdings
Withdrawn status Lost status Source of classification or shelving scheme Damaged status Not for loan Home library Current library Shelving location Date acquired Total Checkouts Full call number Barcode Date last seen Price effective from Koha item type
    Library of Congress Classification     ARRUPE LIBRARY ARRUPE LIBRARY Main Collection 27/09/2013   JV6346.R4 J3313 1986 46410112 21/06/2018 27/09/2013 Monograph ( Printed materials)

 

Arrupe Library. PO Box MP320 Mt Pleasant, Harare, Zimbabwe
263 242 745411|librarian@aju.ac.zw